1936 1805 1623 1378 1074 1834 1391 1440 1410 1639 1269 1908 1014 1668 1672 1054 1591 1182 1140 1160 1622 1493 1068 1080 1882 1323 1841 1419 1805 1801 1879 1083 1714 1685 1826 1068 1839 1461 1495 1386 1261 1526 1940 1957 1032 1221 1612 1381 1570 1179 1911 1843 1810 1657 1845 1680 1753 1207 1151 1437 1921 1094 1963 1858 1541 1928 1285 1201 1074 1398 1902 1025 1283 1346 1395 1618 1441 1848 1186 1935 1744 1179 1633 1123 1238 1626 1599 1793 1884 1317 1922 1595 1646 1765 1148 1561 1561 1922 1120 BCNSPRNW ULIB Ver.6.0+V

เปลี่ยนเป็นภาษาไทย

Change to English
 แสดงรายละเอียดบรรณานุกรม
  กลับหน้าหลัก

Brief Record : Get Marc (ISO 2709) : E-mail record : QR code < ปิดหน้าต่าง
LEADER : 00000nam 2200000uu 4500
001    13399128266
003     ULIB
008    220829s2563||||th 000 0 tha d
020 ^- ^a9786163884732
050 04 ^aนว^bว321ห
100 ^- ^aวราภา
245 ^- ^aเหมราช/^cวราภา
250    ^aพิมพ์ครั้งที่ 4
260 ^- ^aกรุงเทพฯ :^bแสงดาว,^c2563
300 ^- ^a616 หน้า ;^c21 ซม.
650 ^4 ^aนวนิยายไทย
945    ^p600^l0^i29464
999    ^aกัณชพร จุลอักษร
รายการนี้ยังไม่มีแท็ก
คุณยังไม่ได้ล็อกอิน คุณสามารถมีกิจกรรมร่วมกับเว็บไซต์ได้ แต่ต้องล็อกอินก่อน ::
  ล็อกอิน

รายการสื่อสารสนเทศ

ลำดับที่ ประเภท เลขเรียก/บาร์โค้ด สถานที่ สถานะ
1. วิทยาศาสตร์การแพทย์ และสุขภาพ
วิทยาศาสตร์การแพทย์ และสุขภาพ
นว ว321ห ฉ.1 
  Barcode: 29464
ห้องสมุดวิทยาเขตนครสวรรค์
►นวนิยาย:l:Fiction
บนชั้น

รายการใกล้เคียง
    ผู้แต่ง [วราภา]

    หัวเรื่อง [นวนิยายไทย]

BibComment


ยังไม่เคยถูกคอมเมนท์

คอมเมนท์ทรัพยากรรายการนี้
  คอมเมนท์: เหมราช วราภา


 Copyright 2026. Bcnsprnw @Library